[Rezension von: Rudolf Wachter, Pompejanische Wandinschriften]
Saved in:
| Published in: | Sehepunkte 21(2021), 3 |
|---|---|
| Main Author: | |
| Document Type: | Online Resource Article |
| Language: | German |
| Published: |
[2021]
|
| Subjects: | |
| Online Access: | lizenzpflichtig |
| Related Items: | Enthalten in:
Sehepunkte Rezension von: Pompejanische Wandinschriften |
| Author Notes: | Polly Lohmann |
| LEADER | 01549caa a2200349 c 4500 | ||
|---|---|---|---|
| 001 | 1760622540 | ||
| 003 | DE-627 | ||
| 005 | 20220819232317.0 | ||
| 007 | cr uuu---uuuuu | ||
| 008 | 210616s2021 xx |||||oo 00| ||ger c | ||
| 035 | |a (DE-627)1760622540 | ||
| 035 | |a (DE-599)KXP1760622540 | ||
| 035 | |a (OCoLC)1341416548 | ||
| 040 | |a DE-627 |b ger |c DE-627 |e rda | ||
| 041 | |a ger | ||
| 100 | 1 | |a Lohmann, Polly |d 1987- |e VerfasserIn |0 (DE-588)115361992X |0 (DE-627)1015127754 |0 (DE-576)500352364 |4 aut | |
| 245 | 1 | 0 | |a [Rezension von: Rudolf Wachter, Pompejanische Wandinschriften] |c Polly Lohmann |
| 264 | 1 | |c [2021] | |
| 300 | |a ? | ||
| 336 | |a Text |b txt |2 rdacontent | ||
| 337 | |a Computermedien |b c |2 rdamedia | ||
| 338 | |a Online-Ressource |b cr |2 rdacarrier | ||
| 500 | |a Gesehen am 16.06.2021 | ||
| 655 | 7 | |a Rezension |0 (DE-588)4049712-4 |0 (DE-627)106186019 |0 (DE-576)209083166 |2 gnd-content | |
| 773 | 0 | 8 | |i Enthalten in |t Sehepunkte |d München : Ludwig-Maximilians-Univ., 2001 |g 21(2021), 3 |h Online-Ressource |w (DE-627)33678273X |w (DE-600)2062440-2 |w (DE-576)117978736 |x 1618-6168 |7 nnas |
| 773 | 1 | 8 | |g volume:21 |g year:2021 |g number:3 |g extent:? |
| 787 | 0 | 8 | |i Rezension von |t Pompejanische Wandinschriften |d Berlin : De Gruyter, 2019 |h 1 Online-Ressource (563 Seiten) |w (DE-627)1681136597 |z 9783110658286 |
| 856 | 4 | 0 | |u http://www.sehepunkte.de/2021/03/34207.html |x Verlag |z lizenzpflichtig |3 Volltext |7 1 |
| 951 | |a AR | ||
| 994 | |u https://www.sehepunkte.de/2021/03/34207.html | ||
| 991 | |a Rezension (Monographie, Zeitschrift, Aufsatz) | ||
| 999 | |a KXP-PPN1760622540 |e 4978814995 | ||


